| 000 | 00860nam a2200289Ia 4500 | ||
|---|---|---|---|
| 003 | OSt | ||
| 005 | 20220928123945.0 | ||
| 006 | a|||||r|||| 00| 0 | ||
| 007 | ta | ||
| 008 | 220927b |||||||| |||| 00| 0 eng d | ||
| 020 | _c1867.1215999999999 | ||
| 024 | _a110136 | ||
| 037 |
_b82, 10/12/2010, Aviva Books Company _cTextual |
||
| 040 |
_aSDCL _cSDCL _beng |
||
| 041 |
_2eng _aeng |
||
| 082 | _aX:77.43'P, Q0 | ||
| 100 |
_aHossain Moazzem _9462610 |
||
| 245 | 0 | _aSoth Asian economic development. | |
| 250 | _a2 | ||
| 260 | _c2009 | ||
| 300 |
_axv,272p. _ccm. |
||
| 650 |
_aBusiness Economics _9391653 |
||
| 700 |
_a Islam Lyanatul _9462611 |
||
| 700 |
_a Kathuria Rajat _9462612 |
||
| 942 |
_hX:77.43'P, Q0 _cTEXL _2CC |
||
| 999 |
_c775578 _d775578 |
||